000 00363nam a2200133Ia 4500
008 151001s9999||||xx |||||||||||||| ||und||
100 _aसौरभ इंदुरखा
245 _aआओ प्रयोग करे
250 _a1
260 _bबिंदिया प्रकाशन
260 _c2008
300 _a64
365 _b21
999 _c992720
_d992717